000 00232nam a2200097Ia 4500
008 240331s9999 xx 000 0 und d
082 _a291.5
_bPIT
100 _aPitigala Vijitha Himi
245 0 _aPrachna paramitha warrnanawa
942 _cL
999 _c871
_d871